084_ Personnalités nées un 25 mars par images - Statistiques

Statistiques générales
  • Ce quiz a été pris 38 fois
  • Le résultat moyen est 4 sur 12
Statistiques - réponses
Par images Hint Réponse % Correct
Chanteur Elton John
82%
Politicien Philippe de Villiers
66%
Chanteuse Aretha Franklin
61%
Youtubeur CyrilMp4
53%
Politicien Jean-Philippe Tanguy
45%
Footballeur Jadon Sancho
42%
Acteur Swann Arlaud
32%
Actrice Marcia Cross
13%
Actrice Sarah Jessica Parker
13%
Athlète Muriel Hurtis
8%
Boxeur Wladimir Klitschko
8%
Actrice Brenda Strong
0%
Aucun quiz correspondant
Distribution des résultats
% des personnes avec chaque résultat
Percentile par nombre de réponses
Votre historique - résultats
Vous n’avez pas pris ce quiz